Environmental control in petroleum engineering / (Record no. 191)

000 -LEADER
fixed length control field 00589nam a2200205 a 4500
001 - CONTROL NUMBER
control field 191
003 - CONTROL NUMBER IDENTIFIER
control field BD-DhUET
008 - FIXED-LENGTH DATA ELEMENTS--GENERAL INFORMATION
fixed length control field 951222s1996 txua b 001 0 eng
020 ## - INTERNATIONAL STANDARD BOOK NUMBER
International Standard Book Number 0884152731
040 ## - CATALOGING SOURCE
Original cataloging agency DLC
Transcribing agency DLC
Modifying agency BD-DhUET
082 00 - DEWEY DECIMAL CLASSIFICATION NUMBER
Classification number 665.6
Item number REI/1996
100 1# - MAIN ENTRY--PERSONAL NAME
Personal name Reis, John C.
245 10 - TITLE STATEMENT
Title Environmental control in petroleum engineering /
Statement of responsibility, etc. by John C. Reis.
250 ## - EDITION STATEMENT
Edition statement Ist ed.
260 ## - PUBLICATION, DISTRIBUTION, ETC. (IMPRINT)
Place of publication, distribution, etc. Houston, Tex. :
Name of publisher, distributor, etc. Gulf Publ.,
Date of publication, distribution, etc. 1996.
300 ## - PHYSICAL DESCRIPTION
Extent x, 274 p. :
Other physical details ill. ;
Dimensions 24 cm.
504 ## - BIBLIOGRAPHY, ETC. NOTE
Bibliography, etc Includes bibliographies.
650 #0 - SUBJECT ADDED ENTRY--TOPICAL TERM
Topical term or geographic name as entry element Petroleum engineering-Environmental aspects
942 ## - ADDED ENTRY ELEMENTS (KOHA)
Koha item type General Book
Holdings
Location (home branch) Koha date last borrowed Koha date last seen Damaged status Date acquired Lost status Copy number Piece designation (barcode) Koha item type Sublocation or collection (holding branch) Shelving location Koha normalized classification for sorting Not for loan Koha issues (times borrowed) Koha full call number Price effective from Withdrawn status Source of classification or shelving scheme
Central Library, BUET2017-05-092017-05-09 2014-07-16 1108646General BookCentral Library, BUETCirculation section665_000000000000000_6REI1996 1665.6/REI/19962014-07-16  
Central Library, BUET2025-10-292025-11-03 2014-07-16 2108684General BookCentral Library, BUETCirculation section665_000000000000000_6REI1996 2665.6/REI/19962014-07-16  
Central Library, BUET2021-09-142021-09-14 2014-07-16 3108685General BookCentral Library, BUETCirculation section665_000000000000000_6REI1996 27665.6/REI/19962014-07-16